<?xml version="1.0" encoding="UTF-8"?><?xml-stylesheet type="text/xsl" href="static/style.xsl"?><OAI-PMH xmlns="http://www.openarchives.org/OAI/2.0/" xmlns:xsi="http://www.w3.org/2001/XMLSchema-instance" xsi:schemaLocation="http://www.openarchives.org/OAI/2.0/ http://www.openarchives.org/OAI/2.0/OAI-PMH.xsd"><responseDate>2026-04-14T19:46:29Z</responseDate><request verb="GetRecord" identifier="oai:uvadoc.uva.es:10324/62364" metadataPrefix="marc">https://uvadoc.uva.es/oai/request</request><GetRecord><record><header><identifier>oai:uvadoc.uva.es:10324/62364</identifier><datestamp>2025-02-18T11:30:22Z</datestamp><setSpec>com_10324_1191</setSpec><setSpec>com_10324_931</setSpec><setSpec>com_10324_894</setSpec><setSpec>col_10324_1381</setSpec></header><metadata><record xmlns="http://www.loc.gov/MARC21/slim" xmlns:doc="http://www.lyncode.com/xoai" xmlns:xsi="http://www.w3.org/2001/XMLSchema-instance" xmlns:dcterms="http://purl.org/dc/terms/" xsi:schemaLocation="http://www.loc.gov/MARC21/slim http://www.loc.gov/standards/marcxml/schema/MARC21slim.xsd">
<leader>00925njm 22002777a 4500</leader>
<datafield tag="042" ind1=" " ind2=" ">
<subfield code="a">dc</subfield>
</datafield>
<datafield tag="720" ind1=" " ind2=" ">
<subfield code="a">Anzola Rojas, Camilo</subfield>
<subfield code="e">author</subfield>
</datafield>
<datafield tag="720" ind1=" " ind2=" ">
<subfield code="a">Durán Barroso, Ramón José</subfield>
<subfield code="e">author</subfield>
</datafield>
<datafield tag="720" ind1=" " ind2=" ">
<subfield code="a">Miguel Jiménez, Ignacio de</subfield>
<subfield code="e">author</subfield>
</datafield>
<datafield tag="720" ind1=" " ind2=" ">
<subfield code="a">Merayo Álvarez, Noemí</subfield>
<subfield code="e">author</subfield>
</datafield>
<datafield tag="720" ind1=" " ind2=" ">
<subfield code="a">Aguado Manzano, Juan Carlos</subfield>
<subfield code="e">author</subfield>
</datafield>
<datafield tag="720" ind1=" " ind2=" ">
<subfield code="a">Fernández Reguero, Patricia</subfield>
<subfield code="e">author</subfield>
</datafield>
<datafield tag="720" ind1=" " ind2=" ">
<subfield code="a">Lorenzo Toledo, Rubén Mateo</subfield>
<subfield code="e">author</subfield>
</datafield>
<datafield tag="720" ind1=" " ind2=" ">
<subfield code="a">Abril Domingo, Evaristo José</subfield>
<subfield code="e">author</subfield>
</datafield>
<datafield tag="260" ind1=" " ind2=" ">
<subfield code="c">2022</subfield>
</datafield>
<datafield tag="520" ind1=" " ind2=" ">
<subfield code="a">In Multi-access Edge Computing (MEC) network planning, the main goal is to find the optimal network topology, including the location and dimensioning of MEC data centers (MEC-DC), and the connections between them, with base stations (BSs), and with the wide area network (WAN) gateway for Internet and cloud services. Moreover, the assignment of traffic to the servers must also be solved. When solving that problem, it is especially important to consider the connections if the deployment has to be done in sparsely populated areas with long distances to interconnect and where it is likely to find no adequate infrastructure previously deployed. In a previous paper, we presented an Integer Linear Programming (ILP) formulation that solves that problem assuming straight and dedicated cable ducts between network nodes. However, reusing cables ducts and exploiting space division multiplexing (using different fibers of each cable to reach different nodes) can lead to more cost-effective solutions. Moreover, it is crucial to implement redundancy between MEC-DCs and WAN gateways to provide survivability against failures in this network segment. In this paper, we present a heuristic to improve the result obtained with our previous ILP formulation, assuming shared fiber ducts and cables, and creating a ring topology between MEC-DCs and WAN gateways. Results show that our proposal reduces the total deployment cost, while fulfilling latency constraints of MEC applications and providing fault tolerance.</subfield>
</datafield>
<datafield tag="024" ind2=" " ind1="8">
<subfield code="a">2022 IEEE International Mediterranean Conference on Communications and Networking (MeditCom), Athens, Greece, 2022, pp. 310-315</subfield>
</datafield>
<datafield tag="024" ind2=" " ind1="8">
<subfield code="a">https://uvadoc.uva.es/handle/10324/62364</subfield>
</datafield>
<datafield tag="024" ind2=" " ind1="8">
<subfield code="a">10.1109/MeditCom55741.2022.9928653</subfield>
</datafield>
<datafield tag="245" ind1="0" ind2="0">
<subfield code="a">Improving joint planning of MEC and fiber Deployment with duct and optical cable sharing</subfield>
</datafield>
</record></metadata></record></GetRecord></OAI-PMH>